| 000 | 00428nam a2200133Ia 4500 | ||
|---|---|---|---|
| 008 | 231129s9999||||xx |||||||||||||| ||spa|| | ||
| 020 | _a978-84-9875-044-7 | ||
| 040 | _bspa | ||
| 082 | _a658.8 B814n | ||
| 100 | _aBraidot Néstor | ||
| 245 | 0 | _aNeuromarketing: ¿Por qué tus clientes se acuestan con otro si dicen que les gusta tú? | |
| 264 | _aEdiciones Gestión 2000 | ||
| 942 |
_2ddc _cBKS |
||
| 999 |
_c21656 _d21656 |
||